Jednotný postup přípravy analytické činnosti v rámci výstavby ASŘ uživatelská příručka

Guardado en:
Detalles Bibliográficos
Autor principal: Abrahámová, Věra
Otros Autores: Bezděková, Zuzana
Formato: Libro
Lenguaje:checo
Publicado: Praha Výzkumný ústav soc. ekon. inf. 1980
Colección:Metodická příručka č. 12
Etiquetas: Agregar Etiqueta
Sin Etiquetas, Sea el primero en etiquetar este registro!

MARC

LEADER 00000nam a2200000 4500
001 c128501
005 20041019155243.7
041 0 |a cze 
044 |a CZ 
245 1 0 |a Jednotný postup přípravy analytické činnosti v rámci výstavby ASŘ  |b uživatelská příručka  |c Věra Abrahámová, Zuzana Bezděková 
264 1 |a Praha  |b Výzkumný ústav soc. ekon. inf.  |c 1980 
300 |a Prer. s. 
490 1 |a Metodická příručka  |v č. 12 
830 0 |a Metodická příručka  |v č. 12 
100 1 |a Abrahámová, Věra 
700 1 |a Bezděková, Zuzana